000 00286nam a22001337a 4500
003 SGT
082 _a616.01
_bM13N
100 _aNAGOBA, B S
245 _aMEDICAL PARASITOLOGY PREP MANUAL FOR UG
250 _a2ND
260 _aINDIA
_bELSEVIER
_c2013
300 _a130
942 _2ddc
_cBK
999 _c14122
_d14122